000 00307nam a22001457a 4500
008 221011b ||||| |||| 00| 0 eng d
020 _a0874886147
041 _aeng
080 _a610.73
082 _a610.73
100 _a9
101 _aINF
245 _aENDOCRINOLOGY
_cMAZZAFERRI E
942 _2udc
_cBK
999 _c58486
_d58486